000
00327nam a2200157Ia 4500
003
0STCL
008
150530s9999 xx 000 0 und d
040
_a
STCL
_c
STCL
100
_a
Jameson
245
_a
Cloudless may
260
_c
1945
546
_a
English
942
_2
ddc
_c
BK
999
_c
57139
_d
57139
005
20220125171021.0